En quelle année ce pays a gagné la Coupe du monde de football ? - Statistiques

Statistiques générales
  • Ce quiz a été pris 472 fois
  • Le résultat moyen est 18 sur 20
Statistiques - réponses
Pays Année de victoire % Correct
France 1998
98%
Espagne 2010
96%
Brésil (5ème fois) 2002
94%
Allemagne (4ème fois) 2014
94%
Uruguay (1ère fois) 1930
92%
Italie (4ème fois) 2006
92%
Angleterre 1966
90%
Brésil (4ème fois) 1994
90%
Brésil (1ère fois) 1958
88%
Brésil (2ème fois) 1962
88%
Brésil (3ème fois) 1970
88%
Argentine (2nde fois) 1986
87%
Italie (1ère fois) 1934
86%
Argentine (1ère fois) 1978
86%
Allemagne (3ème fois) 1990
86%
Uruguay (2nde fois) 1950
85%
Allemagne (1ère fois) 1954
84%
Allemagne (2ème fois) 1974
84%
Italie (2ème fois) 1938
83%
Italie (3ème fois) 1982
80%
Aucun quiz correspondant
Distribution des résultats
% des personnes avec chaque résultat
Percentile par nombre de réponses
Votre historique - résultats
Vous n’avez pas pris ce quiz